¡Elefante! / (Record no. 193653)
[ view plain ]
| 000 -CABECERA | |
|---|---|
| campo de control de longitud fija | 00732nam a2200229 u 4500 |
| 005 - FECHA Y HORA DE LA ÚLTIMA TRANSACCIÓN | |
| campo de control | 20240228063748.0 |
| 008 - ELEMENTOS DE LONGITUD FIJA--INFORMACIÓN GENERAL | |
| campo de control de longitud fija | 171109s2008 mx r 000 0 spa d |
| 020 ## - NÚMERO INTERNACIONAL NORMALIZADO PARA LIBROS | |
| Número Internacional Estándar del Libro | 9789689395041 |
| 035 ## - NÚMERO DE CONTROL DEL SISTEMA | |
| Número de control de sistema | UPN01000221556 |
| 049 ## - COLECCIÓN | |
| Colección | I |
| 050 #4 - SIGNATURA TOPOGRÁFICA DE LA BIBLIOTECA DEL CONGRESO | |
| Número de clasificación | PZ74.3 |
| Número de documento/Ítem | D6.3 |
| 100 1# - ASIENTO PRINCIPAL--NOMBRE PERSONAL | |
| Nombre de persona | Domínguez Cruz, María de Lourdes, |
| Fechas asociadas al nombre | 1964- |
| 9 (RLIN) | 40984 |
| 245 11 - MENCIÓN DE TÍTULO | |
| Título | ¡Elefante! / |
| Mención de responsabilidad, etc. | texto e il. María de Lourdes Domínguez Cruz. |
| 260 ## - PUBLICACIÓN, DISTRIBUCIÓN, ETC. | |
| Lugar de publicación, distribución, etc. | México : |
| Nombre del editor, distribuidor, etc. | Vanguardia Educativa, |
| Fecha de publicación, distribución, etc. | 2008. |
| 300 ## - DESCRIPCIÓN FÍSICA | |
| Extensión | [34] p. : |
| Otras características físicas | principalmente il. col. |
| 440 #0 - MENCIÓN DE SERIE/ASIENTO SECUNDARIO--TÍTULO | |
| Título | Sol y luna de papel |
| 650 #4 - ASIENTO SECUNDARIO DE MATERIA - TERMINO TEMATICO | |
| Término de materia o nombre geográfico como elemento de entrada | Rimas infantiles |
| 9 (RLIN) | 10247 |
| 650 #7 - ASIENTO SECUNDARIO DE MATERIA - TERMINO TEMATICO | |
| Término de materia o nombre geográfico como elemento de entrada | Animales |
| Subdivisión de forma | Literatura infantil |
| Fuente del encabezamiento o término | |
| 9 (RLIN) | 1061 |
| 650 #4 - ASIENTO SECUNDARIO DE MATERIA - TERMINO TEMATICO | |
| Término de materia o nombre geográfico como elemento de entrada | Cuentos infantiles mexicanos |
| 9 (RLIN) | 7723 |
| 905 ## - TIPO DE MATERIAL | |
| Tipo de material | Infantil |
| Estado de retiro | Estado de pérdida | Fuente del sistema de clasificación o colocación | Estado dañado | No para préstamo | Código de colección | Localización permanente | Ubicación/localización actual | Ubicación en estantería | Fecha de adquisición | Clasificación | Código de barras | Fecha visto por última vez | Número de copia | Tipo de ítem Koha |
|---|---|---|---|---|---|---|---|---|---|---|---|---|---|---|
| Library of Congress Classification | Infantil | Bib. Gregorio Torres Quintero | Bib. Gregorio Torres Quintero | Sala infantil Planta baja | 10/05/2023 | PZ74.3 D6.3 | 321109 | 31/12/2020 | 1 | Libro |
